000 00369 a2200145 4500
005 20250626120612.0
020 _a978080321267603
082 _a658.15 GIT
100 _aGITMAN, J.L.
245 _aPrinciple of Managerial Finance
250 _a4th Ed.
260 _aNew York
_bPerson Education,
_c2005
300 _axxxviii,580p.: tables
_bindex
_c25cm.
942 _2ddc
_cBKS
999 _c5303
_d5303